000 00416nam a2200181Ia 4500
008 210210b1963 xxu||||| |||| 00| 0 eng d
041 _aeng
082 _a954/218
100 _aMALGONKAR (Manohar)
245 _aPuras of dewas senior
260 _aBombay
_bOrient Longman Ltd
_c1963
650 _asenior
650 _aPuras
650 _aof
650 _adewas
690 _aIndian History
906 _a025975
999 _c151900
_d151900